000 00349nam a2200145Ia 4500
008 260223s2022 xx 000 0 und d
020 _a9789383290437
041 _aeng
082 _a613.2/SAN
100 _aRahane Sanjay
245 _aA Text Book Of Nutrition
260 _aB.S.B. Pune
_bPV, Pub
_c2022
300 _a270P
650 _aNutrition
999 _c1216413
_d1216413